000 00588nam a2200229Ia 4500
005 20260115173605.0
008 008 260114s9999 xx 000 0 eng d
020 _a9781529228694
037 _aEBOOK
040 _aCRL
_beng
_cCRL
041 _aeng
_2eng
084 _qCRL
100 _aTownend/Welsh
_9888586
245 0 _aObserving Justice
260 _bBristol University Press
260 _bCambridge University Press
260 _c2024
650 _aLaw
_9888587
856 _uhttps://doi.org/10.46692/9781529228694
942 _cEBOOK
999 _c1485994
_d1485994